000
00297nam a22001337a 4500
008
170131b xxu||||| |||| 00| 0 eng d
020
_a
49358
041
_a
eng
080
_a
61
100
_a
3
101
_a
SHM
245
_a
CLINICAL MANUAL OF HEALTH ASSESSMENT
_c
THOMPSON, J.M
942
_2
udc
_c
BK
999
_c
4156
_d
4156